[Event "Bartlesville Quick"]
[Site "Bartlesville"]
[Date "2004.07.31"]
[Round "2"]
[White "Arrington, Rachael"]
[Black "Latino, Carl D"]
[Result "1-0"]
[WhiteElo "1850"]
[BlackElo "1875"]
[PlyCount "63"]
[EventDate "2004.07.31"]
[EventType "swiss (rapid)"]
[EventRounds "8"]
[EventCountry "USA"]
[EventCategory "1"]
[SourceTitle "EXT 2006"]
[Source "ChessBase"]
[SourceDate "2005.11.24"]
[SourceVersion "1"]
[SourceVersionDate "2005.11.24"]
[SourceQuality "1"]

1. d4 e6 2. c4 f5 3. Nc3 d5 4. Bf4 c6 5. e3 Nf6 6. Nf3 Be7 7. Be2 0-0 8. 0-0 Nh5 9. Ne5 Nxf4 10. exf4 Nd7 11. cxd5 exd5 12. Bh5 Nf6 13. Re1 Nxh5 14. Qxh5 Bd6 15. Re3 Qe8 16. Qh4 Qe7 17. Qxe7 Bxe7 18. Nxc6 Bd6 19. Ne5 Be6 20. Nb5 Bb8 21. Rc1 a6 22. Nc3 Ba7 23. Nf3 Rf6 24. Rce1 Bf7 25. Re7 b5 26. Rb7 Bb6 27. Ree7 Ba5 28. Ne5 Bxc3 29. bxc3 Re8 30. Rec7 Rf8 31. h3 Rh6 32. Nxf7 1-0

[Event "US op U18"]
[Site "Lindsborg"]
[Date "2004.07.25"]
[Round "6"]
[White "Meerovich, Ilan"]
[Black "Arrington, Rachael"]
[Result "1/2-1/2"]
[WhiteElo "1490"]
[BlackElo "1850"]
[PlyCount "134"]
[EventDate "2004.07.??"]
[EventType "swiss"]
[EventRounds "6"]
[EventCountry "USA"]
[EventCategory "1"]
[SourceTitle "EXT 2006"]
[Source "ChessBase"]
[SourceDate "2005.11.24"]
[SourceVersion "1"]
[SourceVersionDate "2005.11.24"]
[SourceQuality "1"]

1. d4 Nf6 2. c4 g6 3. Nc3 Bg7 4. e4 d6 5. Nf3 0-0 6. Be2 e5 7. 0-0 Nc6 8. d5 Ne7 9. Ne1 Ne8 10. Be3 f5 11. f3 f4 12. Bf2 g5 13. c5 Bd7 14. b4 Ng6 15. b5 b6 16. cxd6 cxd6 17. a4 Rc8 18. Na2 Nf6 19. Nb4 Rc7 20. Nc6 Qa8 21. a5 Qb7 22. axb6 axb6 23. Ra6 Ra8 24. Rxb6 Qc8 25. Nd3 g4 26. Ndb4 h5 27. Na6 Rb7 28. Rxb7 Qxb7 29. Na5 Qc8 30. b6 Qc3 31. b7 Rf8 32. Qe1 Qb2 33. b8Q Rxb8 34. Nxb8 Qxb8 35. Qb1 Qa8 36. Qb6 Bf8 37. Nb7 Qa2 38. Bd1 h4 39. Bb3 Qb2 40. Bc4 Qc2 41. Qb3 Qxb3 42. Bxb3 g3 43. hxg3 fxg3 44. Be3 h3 45. Ra1 Nh4 46. Bg5 Nxg2 47. Bxf6 Nf4 48. Ra2 Bb5 49. Bd1 Bh6 50. Nxd6 Ne2+ 51. Rxe2 Bxe2 52. Nf5 h2+ 53. Kh1 Bxd1 54. Nxg3 Bxf3+ 55. Kxh2 Bf4 56. d6 Be3 57. d7 Bb6 58. d8Q+ Bxd8 59. Bxd8 Kf7 60. Kh3 Ke6 61. Kh4 Kd6 62. Kg5 Ke6 63. Bb6 Bg2 64. Kg4 Kf6 65. Bc7 Ke6 66. Bb8 Kf6 67. Nh5+ Ke6 1/2-1/2

[Event "US op U18"]
[Site "Lindsborg"]
[Date "2004.07.24"]
[Round "3"]
[White "Arrington, Rachael"]
[Black "Kalivas, Jason"]
[Result "1/2-1/2"]
[WhiteElo "1850"]
[BlackElo "1789"]
[PlyCount "53"]
[EventDate "2004.07.??"]
[EventType "swiss"]
[EventRounds "6"]
[EventCountry "USA"]
[EventCategory "1"]
[SourceTitle "EXT 2006"]
[Source "ChessBase"]
[SourceDate "2005.11.24"]
[SourceVersion "1"]
[SourceVersionDate "2005.11.24"]
[SourceQuality "1"]

1. d4 d5 2. c4 c6 3. Nf3 Nf6 4. Nc3 Bf5 5. Bg5 e6 6. e3 Nbd7 7. Bd3 Bxd3 8. Qxd3 Be7 9. 0-0 0-0 10. Nd2 dxc4 11. Qxc4 Nd5 12. Bxe7 Qxe7 13. e4 Nxc3 14. bxc3 c5 15. Nb3 Rac8 16. Qb5 cxd4 17. cxd4 Nf6 18. f3 Qd7 19. Qxd7 Nxd7 20. Rfc1 Nf6 21. Kf2 Rfd8 22. Ke3 Kf8 23. Nc5 b6 24. Nd3 Ne8 25. Ne5 Nd6 26. a4 f6 27. Nc6 1/2-1/2

[Event "Oklahoma op g/60'"]
[Site "Oklahoma"]
[Date "2004.06.27"]
[Round "6"]
[White "Berry, Jim"]
[Black "Arrington, Rachael"]
[Result "1/2-1/2"]
[WhiteElo "1940"]
[BlackElo "1850"]
[PlyCount "89"]
[EventDate "2004.06.26"]
[EventType "swiss"]
[EventRounds "9"]
[EventCountry "USA"]
[EventCategory "1"]
[SourceTitle "EXT 2006"]
[Source "ChessBase"]
[SourceDate "2005.11.24"]
[SourceVersion "1"]
[SourceVersionDate "2005.11.24"]
[SourceQuality "1"]

1. e4 c5 2. Nf3 Nc6 3. d4 cxd4 4. Nxd4 g6 5. Nxc6 bxc6 6. Qd4 Nf6 7. e5 Nd5 8. Bc4 Nb6 9. 0-0 Nxc4 10. e6 f6 11. exd7+ Qxd7 12. Qxc4 Qd5 13. Qa4 Be6 14. Nc3 Qc4 15. Qa3 Bf7 16. Re1 e5 17. Qb3 Qa6 18. Qa4 Qxa4 19. Nxa4 Bb4 20. c3 Bd6 21. Bh6 Rg8 22. Be3 Bd5 23. b3 Kf7 24. c4 Bb4 25. Red1 Be6 26. Nc5 Bf5 27. a3 Bc3 28. Ra2 Ke7 29. Nb7 Rgb8 30. Bc5+ Kf7 31. Nd6+ Ke6 32. Nxf5 Kxf5 33. f3 g5 34. b4 a5 35. g4+ Kg6 36. h4 gxh4 37. Rh2 axb4 38. axb4 Bxb4 39. Be3 Rd8 40. Rxd8 Rxd8 41. Rxh4 Rd1+ 42. Kf2 Bc3 43. Rh6+ Kg7 44. g5 fxg5 45. Rxc6 1/2-1/2

[Event "Oklahoma op g/60'"]
[Site "Oklahoma"]
[Date "2004.06.26"]
[Round "5"]
[White "Arrington, Rachael"]
[Black "Baxter, Roger"]
[Result "1-0"]
[WhiteElo "1850"]
[BlackElo "1485"]
[PlyCount "71"]
[EventDate "2004.06.26"]
[EventType "swiss"]
[EventRounds "9"]
[EventCountry "USA"]
[EventCategory "1"]
[SourceTitle "EXT 2006"]
[Source "ChessBase"]
[SourceDate "2005.11.24"]
[SourceVersion "1"]
[SourceVersionDate "2005.11.24"]
[SourceQuality "1"]

1. d4 d5 2. e3 Nf6 3. c4 c6 4. Nc3 Bf5 5. Nf3 h6 6. Be2 Nbd7 7. 0-0 e6 8. c5 b5 9. Nh4 Bh7 10. f4 Ne4 11. Nxe4 Bxe4 12. Nf3 Be7 13. Ne5 Nxe5 14. fxe5 f5 15. Bh5+ Kd7 16. Bd2 g5 17. Be2 g4 18. Be1 h5 19. a4 a6 20. Bf2 h4 21. Be1 Bg5 22. Bd2 Qf8 23. Qb3 Qh6 24. Ra3 g3 25. h3 Rhf8 26. Rfa1 b4 27. Qxb4 Bxe3+ 28. Bxe3 Rfb8 29. Qd2 Qf8 30. Bg5 Qh8 31. Bf6 Qh7 32. b4 Rb7 33. b5 axb5 34. axb5 Rxa3 35. Rxa3 Kc7 36. Qa5+ 1-0

[Event "Oklahoma op 59th"]
[Site "Broken Arrow"]
[Date "2004.05.22"]
[Round "3"]
[White "Arrington, Rachael"]
[Black "Thoma, Philip F"]
[Result "1-0"]
[WhiteElo "1850"]
[BlackElo "2000"]
[PlyCount "59"]
[EventDate "2004.05.22"]
[EventType "swiss"]
[EventRounds "5"]
[EventCountry "USA"]
[SourceTitle "EXT 2006"]
[Source "ChessBase"]
[SourceDate "2005.11.24"]
[SourceVersion "1"]
[SourceVersionDate "2005.11.24"]
[SourceQuality "1"]

1. d4 d5 2. Nf3 c6 3. e3 Bg4 4. c4 e6 5. Nbd2 Nd7 6. b3 Ngf6 7. Be2 Bb4 8. 0-0 Bc3 9. Rb1 Bf5 10. cxd5 exd5 11. e4 Nxe4 12. Nxe4 dxe4 13. Ne1 Qa5 14. Nc2 Qxa2 15. Ba3 0-0-0 16. Bb4 Bxb4 17. Nxb4 Qa5 18. Qe1 Nb8 19. d5 c5 20. Rc1 b6 21. Qc3 f6 22. Qc4 Rd6 23. Nc6 Rxc6 24. dxc6 Nxc6 25. Qd5 Bd7 26. Ra1 Qc3 27. Ba6+ Kc7 28. Rfd1 Nd4 29. Rdc1 Ne2+ 30. Bxe2 1-0